[Event "34. Kieler Open 2022"]
[Site "Kiel"]
[Date "2022.08.04"]
[Round "8.10"]
[White "Peglau, Charis"]
[Black "Basey, Matthew"]
[Result "1/2-1/2"]
[WhiteElo "1870"]
[BlackElo "1991"]
[PlyCount "69"]
[EventDate "2022.??.??"]

1. d4 Nf6 2. c4 g6 3. f3 c5 4. d5 d6 5. e4 Bg7 6. Nc3 e6 7. Bd3 a6 8. Nge2 O-O
9. Be3 exd5 10. exd5 Nbd7 11. O-O Ne5 12. Ng3 Re8 13. Bf2 b5 14. cxb5 Nxd3 15.
Qxd3 axb5 16. Nxb5 Ba6 17. a4 Qa5 18. Rfd1 Rab8 19. Qd2 Qxd2 20. Rxd2 Bxb5 21.
axb5 Rxb5 22. Ra6 Bh6 23. Rd1 Bf4 24. Nf1 Rxb2 25. g3 Ree2 26. Bxc5 dxc5 27.
gxf4 Nh5 28. Ra4 Rb7 29. d6 Rd7 30. Ng3 Nxg3 31. hxg3 Re6 32. Ra6 c4 33. Rc6 c3
34. Kf2 c2 35. Rxc2 1/2-1/2

[Event "34. Kieler Open 2022"]
[Site "Kiel"]
[Date "2022.08.04"]
[Round "8.11"]
[White "Boehme, Sebastian"]
[Black "Ghadimi, Mohammed Reza"]
[Result "1-0"]
[WhiteElo "2168"]
[BlackElo "2147"]
[PlyCount "43"]
[EventDate "2022.??.??"]

1. d4 Nf6 2. Bf4 d5 3. e3 c5 4. dxc5 e6 5. b4 a5 6. c3 Bd7 7. Nd2 axb4 8. cxb4
b6 9. cxb6 Bxb4 10. Bc7 Qe7 11. b7 Ra3 12. Bxb8 O-O 13. Be5 Ba4 14. Qb1 Ne4 15.
Ngf3 Qc5 16. Bd3 Rxd3 17. Qxd3 Bb5 18. Qd4 Qe7 19. Rb1 Nc5 20. Rxb4 Nd3+ 21.
Qxd3 Qxb4 22. Qc3 1-0

[Event "34. Kieler Open 2022"]
[Site "Kiel"]
[Date "2022.08.04"]
[Round "8.12"]
[White "Sauer, Tim"]
[Black "Doll, Rebecca"]
[Result "0-1"]
[WhiteElo "1731"]
[BlackElo "1933"]
[PlyCount "52"]
[EventDate "2022.??.??"]

1. e4 e5 2. Nf3 Nc6 3. Bc4 Bc5 4. O-O d6 5. c3 Nf6 6. d3 O-O 7. b4 Bb6 8. a4 a5
9. b5 Ne7 10. Re1 Ng6 11. Be3 c6 12. Bxb6 Qxb6 13. Qb3 Nf4 14. d4 exd4 15. Nxd4
Qc5 16. Nd2 Qg5 17. g3 Nh3+ 18. Kf1 Qxd2 19. Ra2 Qh6 20. bxc6 bxc6 21. Nxc6 Ng5
22. Ne7+ Kh8 23. Nxc8 Qh3+ 24. Ke2 Raxc8 25. f4 Ngxe4 26. Kf3 d5 0-1

[Event "34. Kieler Open 2022"]
[Site "Kiel"]
[Date "2022.08.04"]
[Round "8.13"]
[White "Hebbinghaus, Holger"]
[Black "Shtompel, Yuriy"]
[Result "1/2-1/2"]
[WhiteElo "2272"]
[BlackElo "1897"]
[PlyCount "47"]
[EventDate "2022.??.??"]

1. d4 Nf6 2. Nf3 e6 3. g3 b5 4. Bg2 Bb7 5. O-O Be7 6. c3 a6 7. a4 bxa4 8. Qxa4
O-O 9. Bg5 d6 10. Bxf6 Bxf6 11. Qc2 Nd7 12. Ng5 Bxg5 13. Bxb7 Ra7 14. Bg2 c5
15. e3 Qb6 16. Nd2 d5 17. Ra2 Rb8 18. Rfa1 Qd6 19. dxc5 Nxc5 20. b4 Nd7 21. Qd3
Rb6 22. Bf1 Bf6 23. Nf3 g6 24. Rxa6 1/2-1/2

[Event "34. Kieler Open 2022"]
[Site "Kiel"]
[Date "2022.08.04"]
[Round "8.14"]
[White "Sturm, Simon"]
[Black "Rieper, Julian"]
[Result "0-1"]
[WhiteElo "1569"]
[BlackElo "2132"]
[PlyCount "58"]
[EventDate "2022.??.??"]

1. c4 e5 2. g3 Nc6 3. Bg2 g6 4. Nc3 Bg7 5. e4 Nge7 6. Nge2 O-O 7. O-O d6 8. d3
Bd7 9. h3 f5 10. f4 Rb8 11. Be3 Nd4 12. b4 Nxe2+ 13. Nxe2 exf4 14. Bxa7 Ra8 15.
Bd4 fxg3 16. Bxg7 Kxg7 17. Nf4 Nc6 18. Qd2 Nd4 19. c5 dxc5 20. Qc3 Qf6 21. Qxc5
Nc6 22. Nd5 Qd4+ 23. Qxd4+ Nxd4 24. Nxc7 Rac8 25. Nd5 f4 26. Nxf4 Rxf4 27. Rxf4
Ne2+ 28. Kf1 Nxf4 29. d4 Rc2 0-1

[Event "34. Kieler Open 2022"]
[Site "Kiel"]
[Date "2022.08.04"]
[Round "8.15"]
[White "Saglam, Buelent"]
[Black "Schmidt, Peter"]
[Result "1-0"]
[WhiteElo "2120"]
[BlackElo "1877"]
[PlyCount "113"]
[EventDate "2022.??.??"]

1. e4 e5 2. Nf3 Nc6 3. Bb5 a6 4. Bxc6 dxc6 5. d4 exd4 6. Qxd4 Qxd4 7. Nxd4 c5
8. Ne2 Bd6 9. Nd2 Be6 10. Nf1 Ne7 11. Bf4 f6 12. Ne3 O-O-O 13. O-O-O Rhe8 14.
f3 g6 15. h4 Bf7 16. h5 g5 17. Bxd6 cxd6 18. Ng4 f5 19. Nf6 Rh8 20. exf5 Nxf5
21. g4 Bc4 22. Rhe1 Ne3 23. Rd2 Ng2 24. Red1 Ne3 25. Rg1 h6 26. b3 Bb5 27. Ne4
Kc7 28. c4 Bc6 29. Rd3 d5 30. Nxc5 Rde8 31. Kd2 Kb6 32. Na4+ Bxa4 33. Rxe3 Bc6
34. cxd5 Bxd5 35. Rd3 Bc6 36. Nd4 Rhf8 37. Re1 Rxe1 38. Kxe1 Bd7 39. Ne6 Re8
40. Rd6+ Kb5 41. Rxd7 Rxe6+ 42. Kd2 Kc6 43. Rg7 Kd5 44. Rxb7 Ke5 45. Rf7 Rc6
46. Kd3 Rd6+ 47. Ke3 Rc6 48. Rf5+ Ke6 49. Ra5 Rd6 50. Rf5 Rc6 51. Kd4 Rc2 52.
a4 Rc6 53. b4 Rb6 54. Kc5 Rb8 55. b5 axb5 56. axb5 Rc8+ 57. Kb6 1-0

[Event "34. Kieler Open 2022"]
[Site "Kiel"]
[Date "2022.08.04"]
[Round "8.16"]
[White "Callsen, Niklas"]
[Black "Braeutigam, Alexander"]
[Result "0-1"]
[WhiteElo "2107"]
[BlackElo "1771"]
[PlyCount "98"]
[EventDate "2022.??.??"]

1. e4 c5 2. Nf3 d6 3. d4 cxd4 4. Nxd4 Nf6 5. Nc3 a6 6. Rg1 e5 7. Nb3 Be7 8. g4
h6 9. h4 g6 10. Be3 Be6 11. g5 hxg5 12. hxg5 Nfd7 13. Nd5 Bxd5 14. Qxd5 Nc6 15.
Bc4 Rf8 16. Qd2 Rh8 17. O-O-O Nb6 18. Bxb6 Qxb6 19. Rh1 O-O-O 20. Bxf7 Kb8 21.
Kb1 Rhf8 22. Rh7 Rc8 23. f4 exf4 24. Bxg6 Bxg5 25. Qxd6+ Ka8 26. Nc5 Rfd8 27.
Nd7 Qf2 28. e5 Qe3 29. Bd3 f3 30. e6 f2 31. Qa3 Be7 32. Rxe7 Nxe7 33. Qxe7 Qe1
34. Rc1 Qe3 35. Qf6 Re8 36. Ne5 Qb6 37. Bf5 Qe3 38. Bd3 Qb6 39. Bf5 Qe3 40. Bg4
Rf8 41. Nf7 Rg8 42. Qf3 Qxf3 43. Bxf3 Rg1 44. Be2 Re1 45. Bf1 Rg8 46. Nd6 Rg1
47. e7 Rxc1+ 48. Kxc1 Rxf1+ 49. Kd2 Re1 0-1

[Event "34. Kieler Open 2022"]
[Site "Kiel"]
[Date "2022.08.04"]
[Round "8.17"]
[White "Menke, Raphael Wilhelm"]
[Black "Schalla, Dieter"]
[Result "1/2-1/2"]
[WhiteElo "1459"]
[BlackElo "2023"]
[PlyCount "104"]
[EventDate "2022.??.??"]

1. e4 c5 2. Nc3 e6 3. f4 d5 4. Bb5+ Nc6 5. Bxc6+ bxc6 6. d3 g6 7. Nf3 Bg7 8.
O-O Nh6 9. Qe1 O-O 10. h3 Qa5 11. Bd2 Qb6 12. Rb1 c4+ 13. Kh1 cxd3 14. cxd3 Ba6
15. Ne5 Qc7 16. Rf3 f6 17. Ng4 Nxg4 18. hxg4 Qd7 19. Rd1 c5 20. Rg3 h6 21. f5
d4 22. Ne2 g5 23. b3 Rf7 24. Rh3 Bf8 25. Qg3 Rh7 26. Qf3 e5 27. Ng3 Qd6 28. Nh5
Bb5 29. a3 Be8 30. b4 Qa6 31. bxc5 Bxh5 32. gxh5 Qxa3 33. c6 Rc8 34. Rb1 Qd6
35. Qd1 Qxc6 36. Qb3+ Kh8 37. Rc1 Qd7 38. Rxc8 Qxc8 39. Rf3 Rb7 40. Qa2 Qe8 41.
g4 Qb5 42. Qe6 Qb6 43. Qe8 Rb8 44. Qf7 Bg7 45. Rf1 Qb2 46. Qxa7 Rb7 47. Qa5 Qc2
48. Qa8+ Kh7 49. Qxb7 Qxd2 50. Qb1 Qe3 51. Qd1 Qh3+ 52. Kg1 Qg3+ 1/2-1/2

[Event "34. Kieler Open 2022"]
[Site "Kiel"]
[Date "2022.08.04"]
[Round "8.18"]
[White "Quiring, Nikolai"]
[Black "Burbach, Brunel Baron"]
[Result "0-1"]
[WhiteElo "1915"]
[BlackElo "1820"]
[PlyCount "56"]
[EventDate "2022.??.??"]

1. d4 Nf6 2. c4 e6 3. Nc3 Bb4 4. Qc2 d5 5. a3 Bxc3+ 6. bxc3 b6 7. cxd5 exd5 8.
Nf3 h6 9. Bf4 O-O 10. e3 Bb7 11. Ne5 Nbd7 12. Be2 Re8 13. h4 Nxe5 14. Bxe5 Nd7
15. Bf4 Nf8 16. Bd3 c5 17. Rh3 Ne6 18. Be5 f6 19. Bh2 cxd4 20. cxd4 Nxd4 21.
Qa4 Nc6 22. Qg4 Ne5 23. Bxe5 fxe5 24. Rg3 Qc7 25. Kd2 Rac8 26. Ra2 Qc3+ 27. Ke2
e4 28. Bb5 a6 0-1

[Event "34. Kieler Open 2022"]
[Site "Kiel"]
[Date "2022.08.04"]
[Round "8.19"]
[White "Schmitz, Andreas Arnold"]
[Black "Mueller, Cosima"]
[Result "1-0"]
[WhiteElo "2070"]
[BlackElo "1340"]
[PlyCount "63"]
[EventDate "2022.??.??"]

1. e4 c5 2. c3 Nc6 3. d4 cxd4 4. cxd4 d6 5. d5 Ne5 6. f4 Nd7 7. Nf3 g6 8. Qd4
f6 9. Nc3 Bg7 10. Bb5 a6 11. Ba4 b5 12. Bc2 Nc5 13. O-O e5 14. Qf2 Ne7 15. fxe5
dxe5 16. Qxc5 O-O 17. d6 Nc6 18. Qxc6 Be6 19. Bb3 Bxb3 20. axb3 Re8 21. Qc7 Re6
22. Rxa6 Bf8 23. Qxd8 Rxd8 24. Nxb5 Rb8 25. Nc7 Rxd6 26. Rxd6 Bxd6 27. Nd5 Kf7
28. b4 Bxb4 29. Nxe5+ Kg7 30. Nd7 Rb7 31. N5xf6 Be7 32. e5 1-0

[Event "34. Kieler Open 2022"]
[Site "Kiel"]
[Date "2022.08.04"]
[Round "8.20"]
[White "Akhmatovski, Maxim"]
[Black "Horn, Peter"]
[Result "1/2-1/2"]
[WhiteElo "1842"]
[BlackElo "2132"]
[PlyCount "113"]
[EventDate "2022.??.??"]

1. c4 e6 2. g3 d5 3. Bg2 Nf6 4. Nf3 Be7 5. O-O O-O 6. b3 c5 7. Bb2 Nc6 8. d3 d4
9. e3 e5 10. exd4 exd4 11. Re1 Bd6 12. Na3 Bf5 13. Nc2 a5 14. Qd2 Qb6 15. Rab1
Nb4 16. Nxb4 axb4 17. Nh4 Bd7 18. Ra1 h6 19. a4 bxa3 20. Bxa3 Ra7 21. Qc2 Rfa8
22. Bb2 Rxa1 23. Rxa1 Rxa1+ 24. Bxa1 g6 25. Bb2 Bc6 26. Bxc6 Qxc6 27. b4 b6 28.
b5 Qa8 29. Bc1 Kh7 30. Qd2 Ng8 31. Ng2 Qf3 32. Nf4 h5 33. Nd5 h4 34. Qg5 hxg3
35. hxg3 Qxd3 36. Qh4+ Kg7 37. Bg5 Be5 38. Nxb6 f6 39. Bf4 Qb1+ 40. Kg2 Qe4+
41. Kg1 Qe1+ 42. Kg2 d3 43. Nd5 d2 44. Bxd2 Qxd2 45. b6 Nh6 46. Qe4 Qb2 47. Ne7
Nf5 48. Qb7 Nxe7 49. Qxe7+ Kh6 50. Qf8+ Kg5 51. Qxc5 f5 52. Qe7+ Kh6 53. Qh4+
Kg7 54. Qe7+ Kh6 55. Qh4+ Kg7 56. Qe7+ Kh6 57. Qh4+ 1/2-1/2

[Event "34. Kieler Open 2022"]
[Site "Kiel"]
[Date "2022.08.04"]
[Round "8.21"]
[White "Gressmann, Hanna"]
[Black "Link, Oliver"]
[Result "0-1"]
[WhiteElo "1856"]
[BlackElo "2022"]
[PlyCount "88"]
[EventDate "2022.??.??"]

1. e4 e5 2. Nf3 Nc6 3. Bc4 Nf6 4. d3 Bc5 5. c3 d6 6. O-O O-O 7. Nbd2 a5 8. a4
Be6 9. h3 h6 10. Re1 Qb8 11. Bxe6 fxe6 12. Nc4 Qa7 13. Be3 Bxe3 14. Rxe3 Ne7
15. d4 exd4 16. cxd4 Ng6 17. Qc2 Nf4 18. Ncd2 Rac8 19. Kh2 c5 20. Rc3 Ne2 21.
Rc4 b6 22. dxc5 d5 23. exd5 exd5 24. Rh4 Qc7+ 25. g3 Qxc5 26. Qxc5 bxc5 27. Re1
Rce8 28. Nb3 g5 29. Rxh6 Kg7 30. Rxf6 Rxf6 31. Kg2 Rxf3 32. Kxf3 Nd4+ 33. Nxd4
Rxe1 34. Nb3 c4 35. Nxa5 Rb1 36. Ke3 Rxb2 37. f4 gxf4+ 38. gxf4 Rh2 39. Nc6
Rxh3+ 40. Kd4 Rd3+ 41. Kc5 c3 42. Nb4 Rd2 43. a5 c2 44. Na2 c1=Q+ 0-1

[Event "34. Kieler Open 2022"]
[Site "Kiel"]
[Date "2022.08.04"]
[Round "8.22"]
[White "Fuhrmann, Bahne"]
[Black "Kort, Felix"]
[Result "0-1"]
[WhiteElo "1973"]
[BlackElo "1858"]
[PlyCount "78"]
[EventDate "2022.??.??"]

1. e4 e5 2. Nf3 Nc6 3. Bc4 Bc5 4. c3 Nf6 5. d4 exd4 6. b4 Bb6 7. e5 d5 8. exf6
dxc4 9. Qe2+ Be6 10. b5 Nb4 11. cxb4 Qxf6 12. O-O O-O 13. a4 a5 14. bxa6 bxa6
15. a5 Ba7 16. Bg5 Qg6 17. Nbd2 c3 18. Nxd4 Bxd4 19. Nf3 Bg4 20. Be3 Rfe8 21.
Rfd1 Rad8 22. Rac1 Qe4 23. Qc4 Bxf3 24. Rxd4 Rxd4 25. Qxd4 Qg6 26. g3 c2 27.
Qd7 Bc6 28. Qd4 Qh5 29. Rxc2 Qf3 30. Rxc6 Qxc6 31. Bd2 Qd6 32. Qc3 c6 33. h4
Qd5 34. h5 h6 35. Be3 Re6 36. Bd4 f6 37. g4 Re4 38. Bxf6 Rxg4+ 39. Kf1 Qd1+ 0-1

[Event "34. Kieler Open 2022"]
[Site "Kiel"]
[Date "2022.08.04"]
[Round "8.23"]
[White "Schramm, Daniel"]
[Black "Helms, Finn"]
[Result "0-1"]
[WhiteElo "1829"]
[BlackElo "1973"]
[PlyCount "88"]
[EventDate "2022.??.??"]

1. c4 c5 2. Nc3 Nc6 3. g3 g6 4. Bg2 Bg7 5. Rb1 d6 6. a3 a5 7. d3 e5 8. e4 Nge7
9. Nge2 O-O 10. O-O Be6 11. Be3 f5 12. f4 fxe4 13. Bxe4 Nf5 14. Bf2 Nfd4 15.
Nxd4 cxd4 16. Nd5 Ne7 17. Nxe7+ Qxe7 18. Qd2 Bh6 19. Qe2 Qd7 20. Qf3 Rf7 21.
Qe2 Raf8 22. b4 Bh3 23. Rfe1 Bg4 24. Qc2 g5 25. Bd5 Be6 26. Bxe6 Qxe6 27. Bxd4
gxf4 28. Bf2 Qh3 29. Qe2 Rf5 30. Qf1 Qh5 31. Rbd1 fxg3 32. Qg2 Qxh2+ 33. Qxh2
gxh2+ 34. Kxh2 Rxf2+ 35. Kh1 axb4 36. axb4 Rc2 37. Rg1+ Kh8 38. Rdf1 Rxf1 39.
Rxf1 Rc1 40. Rxc1 Bxc1 41. Kg2 Kg7 42. Kf3 Kf6 43. Kg4 h5+ 44. Kxh5 Kf5 0-1

[Event "34. Kieler Open 2022"]
[Site "Kiel"]
[Date "2022.08.04"]
[Round "8.24"]
[White "Langfeldt, Lars"]
[Black "Lippmann, Kai"]
[Result "0-1"]
[WhiteElo "1844"]
[BlackElo "1952"]
[PlyCount "72"]
[EventDate "2022.??.??"]

1. e4 c6 2. d4 d5 3. e5 Bf5 4. h4 h6 5. g4 Be4 6. f3 Bh7 7. e6 fxe6 8. Bd3 Bxd3
9. Qxd3 Qc7 10. Ne2 e5 11. dxe5 e6 12. Bf4 Bc5 13. Nbc3 Ne7 14. O-O-O Nd7 15.
Nd4 Bxd4 16. Qxd4 a6 17. Bh2 c5 18. Qf2 O-O-O 19. f4 Rhf8 20. Qe2 Qa5 21. Kb1
Nc6 22. Nxd5 exd5 23. Rxd5 Nb4 24. Qc4 Nxd5 25. Qxd5 Rfe8 26. Qf7 Qd2 27. Qf5
g6 28. Qd3 Qxd3 29. cxd3 Nf8 30. Kc2 Ne6 31. Rf1 Rf8 32. Kc3 Nd4 33. Kd2 Kd7
34. Ke3 Kc6 35. Ke4 Nc2 36. Rf3 Rd4# 0-1

[Event "34. Kieler Open 2022"]
[Site "Kiel"]
[Date "2022.08.04"]
[Round "8.25"]
[White "Doeserich, Juergen"]
[Black "Dietrich, Leif"]
[Result "1/2-1/2"]
[WhiteElo "1945"]
[BlackElo "1857"]
[PlyCount "101"]
[EventDate "2022.??.??"]

1. d4 Nf6 2. Nf3 g6 3. g3 Bg7 4. Bg2 O-O 5. O-O d5 6. c4 Nc6 7. cxd5 Nxd5 8. e4
Nb6 9. d5 Na5 10. Na3 c6 11. Qe1 Nac4 12. Nxc4 Nxc4 13. Qb4 cxd5 14. exd5 Nd6
15. Rd1 Bd7 16. Bg5 h6 17. Be3 a5 18. Qb3 a4 19. Qb4 Qa5 20. Qa3 Rfe8 21. Qd3
Bb5 22. Qd2 Qxd2 23. Rxd2 Nc4 24. Rc2 Nxe3 25. fxe3 a3 26. Nd4 Bd3 27. Rd2 axb2
28. Rxb2 b5 29. Rd1 Bc4 {=} 30. d6 Ra6 31. d7 Rd8 32. Bb7 Ra7 33. Bc8 Raxd7 34.
Bxd7 Rxd7 35. Rbd2 Ra7 $11 36. Nb3 Ra3 37. Rd8+ Kh7 38. Rb8 Rxa2 39. Nd4 Ra3
40. Re1 Rxe3 41. Rxe3 Bxd4 42. Kf2 h5 43. Rb7 e5 44. Rc7 Be6 45. Rb7 Bc4 46.
Re7 Kg7 47. R7xe5 Kf6 48. R5e4 Bxe3+ 49. Kxe3 Kg5 50. h4+ Kf5 51. Kd4 1/2-1/2

[Event "34. Kieler Open 2022"]
[Site "Kiel"]
[Date "2022.08.04"]
[Round "8.26"]
[White "Malinowsky, Levi"]
[Black "Fuhrmann, Ake"]
[Result "1-0"]
[WhiteElo "1814"]
[BlackElo "1942"]
[PlyCount "56"]
[EventDate "2022.??.??"]

1. e4 c5 2. Nf3 d6 3. Bb5+ Nc6 4. O-O Bd7 5. c3 Nf6 6. Re1 a6 7. Ba4 b5 8. Bc2
Bg4 9. h3 Bxf3 10. Qxf3 g6 11. a4 Rb8 12. axb5 axb5 13. d3 Bg7 14. Qe2 O-O 15.
Be3 Nd7 16. Qd2 b4 17. d4 bxc3 18. bxc3 Rb2 19. Na3 Na5 20. Qd3 Qc7 21. Ba4
Rfb8 22. Qa6 Qb6 23. Qd3 Qc7 24. Reb1 Rxb1+ 25. Rxb1 Rxb1+ 26. Qxb1 Nb6 27. Qb5
Nb7 28. Bb3 h5 1-0

[Event "34. Kieler Open 2022"]
[Site "Kiel"]
[Date "2022.08.04"]
[Round "8.27"]
[White "Browning, Rebecca"]
[Black "Peglau, Sarah"]
[Result "1-0"]
[WhiteElo "1938"]
[BlackElo "1782"]
[PlyCount "55"]
[EventDate "2022.??.??"]

1. e4 c6 2. d4 d5 3. e5 Bf5 4. Nf3 e6 5. Be2 c5 6. c3 Nc6 7. Be3 Qc7 8. O-O
Bxb1 9. Rxb1 Nge7 10. Nh4 Ng6 11. Nxg6 hxg6 12. a3 c4 13. b4 cxb3 14. Qxb3 Rb8
15. c4 dxc4 16. Bxc4 Be7 17. Rfc1 O-O 18. h3 Na5 19. Qa4 Qd8 20. Be2 a6 21.
Bxa6 bxa6 22. Rxb8 Qxb8 23. Qxa5 Qb5 24. Qxb5 axb5 25. Rb1 Bxa3 26. Rxb5 Rd8
27. g4 Kf8 28. Kg2 1-0

[Event "34. Kieler Open 2022"]
[Site "Kiel"]
[Date "2022.08.04"]
[Round "8.28"]
[White "Braeutigam, Katerina"]
[Black "Hufendiek, Ekkehard"]
[Result "1-0"]
[WhiteElo "1781"]
[BlackElo "1929"]
[PlyCount "115"]
[EventDate "2022.??.??"]

1. e4 e5 2. Nf3 Nc6 3. Bb5 Nf6 4. O-O Nxe4 5. Re1 Nd6 6. Nxe5 Be7 7. Bf1 Nxe5
8. Rxe5 O-O 9. d4 Bf6 10. Re1 Re8 11. c3 Rxe1 12. Qxe1 Qe8 13. Qxe8+ Nxe8 14.
Bf4 d5 15. Bd3 c6 16. Nd2 g6 17. Re1 Ng7 18. Nb3 b6 19. a4 Ne6 20. Bg3 a5 21.
Nd2 Bd7 22. Bc2 c5 23. Be5 Bxe5 24. Rxe5 cxd4 25. Rxd5 dxc3 26. Rxd7 cxd2 27.
Rxd2 Rc8 28. Kf1 Nd4 29. Bd1 Rc4 30. b3 Rb4 31. Rd3 Kg7 32. Ke1 Ne6 33. g3 h5
34. h4 Kf6 35. Kd2 Nc5 36. Rf3+ Ke7 37. Kc2 f5 38. Be2 Kd6 39. Bd1 Rd4 40. Be2
Ke5 41. Bb5 Re4 42. Kd2 Rb4 43. Kc2 Ne6 44. Kd2 Nd4 45. Re3+ Kf6 46. Bc4 b5 47.
axb5 f4 48. gxf4 Kf5 49. Rd3 Ke4 50. Rg3 Nf3+ 51. Kc3 Nxh4 52. Rg1 Nf5 53. Rxg6
h4 54. Ra6 h3 55. Rxa5 h2 56. Ra1 Nd4 57. Re1+ Ne2+ 58. Rxe2+ 1-0

[Event "34. Kieler Open 2022"]
[Site "Kiel"]
[Date "2022.08.04"]
[Round "8.29"]
[White "Peglau, Dora"]
[Black "Lehmann, Simon"]
[Result "1-0"]
[WhiteElo "1920"]
[BlackElo "1531"]
[PlyCount "75"]
[EventDate "2022.??.??"]

1. d4 d6 2. c4 Nf6 3. Nc3 g6 4. e4 Bg7 5. g3 O-O 6. Bg2 Nc6 7. Nge2 e5 8. d5
Ne7 9. O-O Ne8 10. Be3 f5 11. Qd2 Bd7 12. b4 Nf6 13. Rac1 fxe4 14. Nxe4 Nxe4
15. Bxe4 Bh3 16. Bg2 Bxg2 17. Kxg2 Nf5 18. Nc3 Qd7 19. Ne4 Nxe3+ 20. Qxe3 Qf5
21. f3 a5 22. a3 axb4 23. axb4 Ra2+ 24. Kg1 Qh5 25. h4 Bh6 26. Qb3 Re2 27. Rc3
Qf5 28. Nf2 Ra8 29. Ng4 Bg7 30. Rf2 Rxf2 31. Nxf2 Ra1+ 32. Kg2 h5 33. Ne4 Bh6
34. c5 g5 35. hxg5 Bxg5 36. cxd6 h4 37. dxc7 Ra8 38. Nxg5 1-0

[Event "34. Kieler Open 2022"]
[Site "Kiel"]
[Date "2022.08.04"]
[Round "8.30"]
[White "Werner, Tom"]
[Black "Gombert, Reiner"]
[Result "1/2-1/2"]
[WhiteElo "1757"]
[BlackElo "1915"]
[PlyCount "33"]
[EventDate "2022.??.??"]

1. d4 Nf6 2. Nf3 g6 3. c4 Bg7 4. Nc3 d5 5. cxd5 Nxd5 6. e4 Nxc3 7. bxc3 c5 8.
Be2 O-O 9. O-O Nc6 10. Be3 cxd4 11. cxd4 Bg4 12. Rb1 Bxf3 13. Bxf3 Nxd4 14.
Bxd4 Bxd4 15. Rxb7 e5 16. Qb3 Rb8 17. Be2 1/2-1/2

[Event "34. Kieler Open 2022"]
[Site "Kiel"]
[Date "2022.08.04"]
[Round "8.31"]
[White "Saar, Christian"]
[Black "Strebel, Michael"]
[Result "0-1"]
[WhiteElo "1648"]
[BlackElo "1909"]
[PlyCount "82"]
[EventDate "2022.??.??"]

1. e4 e6 2. d4 d5 3. Bd3 c5 4. exd5 Qxd5 5. Nc3 Qd8 6. Nf3 Nf6 7. O-O Nc6 8.
Bf4 a6 9. dxc5 Bxc5 10. Ne4 Be7 11. Re1 Nb4 12. Nd6+ Kf8 13. Nxc8 Rxc8 14. a3
Nxd3 15. cxd3 Nd5 16. Bg3 Qb6 17. Rc1 Rxc1 18. Qxc1 f6 19. Qc8+ Qd8 20. Qxe6 g6
21. Rc1 Kg7 22. h3 Re8 23. Qg4 Bd6 24. Nd4 Kf7 25. Bxd6 Qxd6 26. Nf3 {=} Nf4
27. Re1 h5 28. Ng5+ fxg5 29. Qd1 Qxd3 30. Qc1 Ne2+ 31. Rxe2 Qxe2 32. Qc7+ Re7
33. Qb6 Qe1+ 34. Kh2 Qe5+ 35. Kg1 Rc7 36. Qb3+ Kg7 37. g3 g4 38. hxg4 hxg4 39.
Qb4 Rc1+ 40. Kh2 Qh5+ 41. Kg2 Qh1# 0-1

[Event "34. Kieler Open 2022"]
[Site "Kiel"]
[Date "2022.08.04"]
[Round "8.32"]
[White "Giede, Anna-Blume"]
[Black "Ziaeian, Shahin"]
[Result "0-1"]
[WhiteElo "1597"]
[BlackElo "1877"]
[PlyCount "52"]
[EventDate "2022.??.??"]

1. c4 Nf6 2. Nc3 d5 3. cxd5 Nxd5 4. g3 g6 5. Bg2 c6 6. d4 Bg7 7. e4 Nb6 8. Nge2
O-O 9. O-O N8d7 10. b3 e5 11. Be3 exd4 12. Bxd4 Ne5 13. h3 Bxh3 14. Bxb6 Qxd1
15. Rfxd1 Bxg2 16. Bc5 Bf3 17. Bxf8 Kxf8 18. Rac1 Ke7 19. Kf1 h5 20. Na4 h4 21.
gxh4 Rh8 22. Rd4 Rxh4 23. Ng3 Rh2 24. Nc5 Ng4 25. Rd7+ Ke8 26. Rc2 Ne3+ 0-1

[Event "34. Kieler Open 2022"]
[Site "Kiel"]
[Date "2022.08.04"]
[Round "8.33"]
[White "Dittmann, Hans-Adolf"]
[Black "Cordts, Elof"]
[Result "1-0"]
[WhiteElo "2063"]
[BlackElo "1662"]
[PlyCount "121"]
[EventDate "2022.??.??"]

1. e4 c5 2. Nf3 d6 3. d4 cxd4 4. Nxd4 Nf6 5. Nc3 a6 6. Bg5 e6 7. Qf3 Be7 8.
O-O-O Nbd7 9. g4 Ne5 10. Qe2 h6 11. Bxf6 gxf6 12. h4 Bd7 13. f4 Ng6 14. Qf3 Qa5
15. Nb3 Qc7 16. h5 Nf8 17. Rh2 O-O-O 18. Rhd2 Bc6 19. Qe3 Kb8 20. Nd4 Bd7 21.
Kb1 Qb6 22. Nf5 Qxe3 23. Nxe3 Bc6 24. Nc4 Kc7 25. Na5 Rg8 26. Be2 Nd7 27. Nxc6
bxc6 28. Bf3 Nb6 29. Re1 Bf8 30. Rg2 Be7 31. Ne2 d5 32. Nc1 Nc4 33. Nd3 Rb8 34.
b3 Na3+ 35. Kb2 Nb5 36. c3 a5 37. a4 Nd6 38. exd5 cxd5 39. Bxd5 f5 40. gxf5
Nxf5 41. Rxg8 Rxg8 42. Be4 Nd6 43. Bf3 Rg3 44. Rf1 f6 45. Kc2 Nf5 46. Kd2 Rh3
47. Bg4 Rh2+ 48. Rf2 Rh1 49. Bf3 Rb1 50. Kc2 Rg1 51. Nb2 Nd6 52. b4 Nb7 53.
Bxb7 Kxb7 54. b5 Rh1 55. Re2 Rxh5 56. Rxe6 Rh2+ 57. Kb3 Bd8 58. Nc4 Rf2 59. Rd6
Bc7 60. Rxf6 Rxf4 61. Nxa5+ 1-0

[Event "34. Kieler Open 2022"]
[Site "Kiel"]
[Date "2022.08.04"]
[Round "8.34"]
[White "Suhr, Michael"]
[Black "Zimmermann, Manfred"]
[Result "1/2-1/2"]
[WhiteElo "1672"]
[BlackElo "1933"]
[PlyCount "70"]
[EventDate "2022.??.??"]

1. e4 c5 2. d4 cxd4 3. Nf3 Nc6 4. Nxd4 e5 5. Nf5 d6 6. Ne3 Nf6 7. Nc3 Be7 8.
Bc4 a6 9. a4 O-O 10. Ned5 Bg4 11. Nxf6+ Bxf6 12. Qxg4 Nd4 13. Bb3 Rc8 14. O-O
Kh8 15. Nd5 Bh4 16. Ne3 g6 17. g3 f5 18. Qxh4 Nf3+ 19. Kh1 Nxh4 20. gxh4 Qxh4
21. Be6 Rce8 22. exf5 gxf5 23. Bxf5 Rxf5 24. Nxf5 Qe4+ 25. Kg1 Qxf5 26. Ra3
Rg8+ 27. Rg3 Qxc2 28. Bh6 Rg6 29. Rc1 Rxg3+ 30. hxg3 Qf5 31. Rc7 b5 32. axb5
axb5 33. Rb7 Qc8 34. Rf7 Kg8 35. Rg7+ Kh8 1/2-1/2

[Event "34. Kieler Open 2022"]
[Site "Kiel"]
[Date "2022.08.04"]
[Round "8.35"]
[White "Walther, Joachim"]
[Black "Wartenberg, Alexander"]
[Result "1/2-1/2"]
[WhiteElo "1910"]
[BlackElo "1623"]
[PlyCount "45"]
[EventDate "2022.??.??"]

1. d4 d5 2. c4 c6 3. Nf3 Nf6 4. Nc3 a6 5. a4 Bg4 6. Ne5 Bh5 7. cxd5 cxd5 8. Qb3
Nc6 9. Nxc6 bxc6 10. a5 e6 11. e3 Bd6 12. Bd3 Bg6 13. Be2 O-O 14. Qa4 Qc7 15.
g3 Ne4 16. Nxe4 Bxe4 17. Rg1 Rfb8 18. Qd1 Bb4+ 19. Bd2 Bxd2+ 20. Qxd2 Qb7 21.
f3 Bg6 22. Rc1 f6 23. Kf2 1/2-1/2

[Event "34. Kieler Open 2022"]
[Site "Kiel"]
[Date "2022.08.04"]
[Round "8.36"]
[White "Christensen, Andreas"]
[Black "Peglau, Paul David"]
[Result "0-1"]
[WhiteElo "1901"]
[BlackElo "1569"]
[PlyCount "78"]
[EventDate "2022.??.??"]

1. d4 c5 2. d5 d6 3. Nf3 g6 4. e4 Bg7 5. Be2 Nf6 6. Nc3 O-O 7. O-O Bg4 8. Nd2
Bxe2 9. Qxe2 Nbd7 10. a4 a6 11. Ra3 b5 12. axb5 axb5 13. Nxb5 Qb6 14. Nc3 Rxa3
15. bxa3 Qa5 16. Nd1 Rb8 17. Ne3 Nb6 18. Qd3 Na4 19. Nb3 Qc3 20. Qa6 c4 21.
Qxc4 Qxc4 22. Nxc4 Rc8 23. Nba5 Nxe4 24. Nc6 Kf8 25. Re1 Nec3 26. Ne3 Nxd5 27.
Nxd5 Rxc6 28. Nb4 Rc4 29. Kf1 Nc5 30. Re2 Nb3 31. cxb3 Rxc1+ 32. Re1 Rxe1+ 33.
Kxe1 Bc3+ 34. Ke2 Bxb4 35. axb4 Ke8 36. Kd3 Kd7 37. f4 f5 38. h3 e5 39. fxe5
dxe5 0-1

[Event "34. Kieler Open 2022"]
[Site "Kiel"]
[Date "2022.08.04"]
[Round "8.37"]
[White "Lutze, Max"]
[Black "Dawidzinski, Jan"]
[Result "1-0"]
[WhiteElo "1892"]
[BlackElo "1539"]
[PlyCount "107"]
[EventDate "2022.??.??"]

1. c4 e6 2. g3 d5 3. Bg2 c6 4. Nf3 Nf6 5. O-O Nbd7 6. d4 Be7 7. Nc3 O-O 8. b3
b6 9. Re1 Bb7 10. e4 Bb4 11. Bd2 Bxc3 12. Bxc3 Nxe4 13. Bb2 Nef6 14. Qc2 Rc8
15. Ba3 Re8 16. Ne5 Nxe5 17. dxe5 Nd7 18. Bd6 f6 19. f4 fxe5 20. fxe5 Qg5 21.
Qf2 dxc4 22. bxc4 Ba6 23. Re4 Nc5 24. Bxc5 bxc5 25. Qxc5 Qe7 26. Qxe7 Rxe7 27.
Rd1 c5 28. Bh3 Rc6 29. Rd6 Rb6 30. Rf4 h6 31. Kf2 Bb7 32. Rxb6 axb6 33. Ke3 Bc6
34. Rf2 b5 35. cxb5 Bxb5 36. Rc2 c4 37. Bf1 Rc7 38. Kd4 Rd7+ 39. Kc3 Rd5 40.
Bxc4 Bxc4 41. Kxc4 Rxe5 42. a4 Kf7 43. Kb4 Re4+ 44. Rc4 Re1 45. a5 Rb1+ 46. Kc5
Ra1 47. Kb5 e5 48. a6 Rb1+ 49. Rb4 Ra1 50. Ra4 Rb1+ 51. Ka5 Rd1 52. a7 Rd8 53.
Kb6 Ra8 54. Kb7 1-0

[Event "34. Kieler Open 2022"]
[Site "Kiel"]
[Date "2022.08.04"]
[Round "8.38"]
[White "Vollbehr, Bjarne"]
[Black "Serreck, Uwe"]
[Result "0-1"]
[WhiteElo "1654"]
[BlackElo "1847"]
[PlyCount "52"]
[EventDate "2022.??.??"]

1. d4 g6 2. e4 Bg7 3. Nc3 d6 4. f4 a6 5. a4 Nc6 6. Nf3 Bg4 7. Be3 Bxf3 8. gxf3
d5 9. Qd2 e6 10. Ne2 Nf6 11. Bg2 Qe7 12. c3 Na5 13. Qc2 Nc4 14. Bc1 Nh5 15. h4
Bf6 16. Kd1 Bxh4 17. f5 exf5 18. exf5 O-O-O 19. Bh3 Kb8 20. Bg4 Ng3 21. Nxg3
Bxg3 22. Qg2 Rde8 23. f6 Ne3+ 24. Bxe3 Qxe3 25. Qxg3 Qd3+ 26. Kc1 Re2 0-1